Calidad de las prescripciones médicas intrahospitalaria en el Departamento de Ginecología y Osbtetricia en el Hospital Jaime Oliver Pino período enero-abril 2000 (Registro nro. 245336)

000 -LEADER
fixed length control field 01081nam a2200325 i 4500
001 - CONTROL NUMBER
control field 245336
003 - CONTROL NUMBER IDENTIFIER
control field OSt
005 - DATE AND TIME OF LATEST TRANSACTION
control field 20180921
008 - FIXED-LENGTH DATA ELEMENTS--GENERAL INFORMATION
fixed length control field 0000002001 dr 0000000000spa00
040 ## - CATALOGING SOURCE
Original cataloging agency DLC
Transcribing agency DLC
100 ## - ASIENTO PRINCIPAL -- NOMBRE PERSONAL
Personal name Fraquer Contreras, Vivian Fátima
245 ## - TÍTULO PROPIAMENTE DICHO: SUBTÍTULO
Title Calidad de las prescripciones médicas intrahospitalaria en el Departamento de Ginecología y Osbtetricia en el Hospital Jaime Oliver Pino período enero-abril 2000
Mención de responsabilidad Vivian Fátima del Carmen Fraquer Contreras, Lidia Miguelina Rodríguez, Ana Josefa Castillo Cardy; asesores Dinorah Mejía, Rodríguez Abreu
260 ## - PUBLICATION, DISTRIBUTION, ETC.
Place of publication, distribution, etc. República Dominicana :
Name of publisher, distributor, etc. Universidad Central del Este
300 ## - PHYSICAL DESCRIPTION
Extensión 1v. (en varias paginaciones)
502 ## - THESIS NOTE
Dissertation note Tesis (Licenciado en Farmacia)-- Universidad Central del Este, 2001
504 ## - BIBLIOGRAPHY, ETC. NOTE
Bibliography, etc. note Incluye bibliografía, índice y anexos
650 ## - ASIENTO SECUNDARIO DE MATERIA -- TERMINO TOPICO
Asiento secundario de materia Farmacología
-- Medicamentos
-- Prescripciones médica
-- TC 6206
-- Tesis y disertaciones acdémicas
700 ## - ASIENTO SECUNDARIO -- NOMBRE PERSONAL
Personal name Castillo Cardy, Ana Josefa
-- Mejía, Dinorah, ases
-- Rodríguez Abreu, José, ases
-- Rodríguez, Lidia Miguelina
942 ## - ADDED ENTRY ELEMENTS (KOHA)
Source of classification or shelving scheme
Koha item type Tesis
Existencias
Withdrawn status Lost status Source of classification or shelving scheme Damaged status Not for loan Permanent Location Current Location Date acquired Full call number Koha item type
          Biblioteca Central. Universidad Central del Este Biblioteca Central. Universidad Central del Este 2018-08-17 T 615.14 F585c 2001 Tesis
          Biblioteca Central. Universidad Central del Este Biblioteca Central. Universidad Central del Este 2018-08-17 T 615.14 F585c 2001 Tesis